Gaming Quiz

Random Gaming or Board Games Quiz

Games in Other Words Quiz Stats

 Plays Quiz Updated May 6, 2013

Challenge
Share
Tweet
Embed
Score 0/20 Timer 07:00
3 Plays Today
Clue Game % Correct
Stuart Little or Fievel e.g.Mouse Trap
91%
_____ the dotsConnect Four
88.9%
Your ____ is as good as mineGuess Who?
87.6%
What trick-or-treaters seekCandy Land
87%
Like coffee with no creamBlackjack
85.4%
Pixar film featuring many balloonsUpwords
85.3%
AncientOld Maid
82%
What green means, in trafficGo Fish
80.8%
Jackie Chan nationalityChinese Checkers
72.4%
Sean Connery's homelandScotland Yard
70.6%
Clue Game % Correct
Event at Gettysburg or HastingsBattleship
66.3%
Who a genie is beholden toMaster Mind
64.4%
Hopscotch actionSkip Bo
56.3%
Something a detective searches forCluedo
56%
Having less hair than beforeBalderdash
53.7%
What a sunbather seeksTantrix
53.4%
Three strikes equals thisOutburst
49.2%
A legally-binding agreementContract bridge
48.9%
Full moon or new moon e.g.Phase 10
45.8%
New Testament's opposite, for shortOthello
31.2%

You're not logged in!

Compare scores with friends on all Sporcle quizzes.
Join for Free
OR
Log In

You Might Also Like...

Show Comments

Extras

Top Quizzes Today


Score Distribution

Your Account Isn't Verified!

In order to create a playlist on Sporcle, you need to verify the email address you used during registration. Go to your Sporcle Settings to finish the process.

Report this User

Report this user for behavior that violates our Community Guidelines.

Details: